000 00846nam0a22002651 4500
001 rc\4763427
005 20250613075422.0
021 _aRU
_b[62-13949]
035 _a(NLR Aleph) 009018543
090 _a9413377
_c9413377
100 _a20130417d1962 |||y0rusy50 ca
101 0 _arus
102 _aRU
105 _aa z |||||
200 1 _aПриближенные вычисления
210 _aМосква
_cФизматгиз
_d1962
215 _a388 с.
_cчерт.
_d26
225 1 _aФизико-математическая библиотека инженера
606 _aВычисления приближенные
_2psbo
700 1 _aМелентьев
_bП.В.
_f1905-
_gПавел Владимирович
801 0 _aRU
_bNLR
_gpsbo
801 1 _aRU
_bELAR
_2rusmarc
852 _aNLR
_j62-7/544
942 _cBOOK
980 _aNB